Ultimate Outils - Statistiques

Statistiques générales
  • Ce quiz a été pris 80 fois
    56 depuis la dernière actualisation
  • Le résultat moyen est 25 sur 37
Statistiques - réponses
Par images Réponse % Correct
Marteau
100%
Tournevis
100%
Hâche
98%
Pelle
91%
Rateau
91%
vis
91%
Cutter
89%
pied-de-biche
89%
pince
89%
Scie
89%
tronçonneuse
87%
Clé (plate)
85%
écrous
85%
Perceuse électrique
83%
pistolet à colle
83%
Clou
80%
Niveau à bulle
78%
Cric
76%
lime
72%
Clé à molette
70%
ponceuse
70%
Scie sauteuse
65%
étau
63%
Scie circulaire
63%
Clés Allen
52%
meuleuse
52%
Chevilles
48%
burin
46%
Mètre ruban
46%
pied à coulisse
43%
Rabot
43%
serre-joint
43%
Houe
28%
raboteuse
28%
Taloche
28%
Couteau à mastic / couteau à enduire
17%
alène
2%
Aucun quiz correspondant
Distribution des résultats
% des personnes avec chaque résultat
Percentile par nombre de réponses
Votre historique - résultats
Vous n’avez pas pris ce quiz depuis la dernière actualisation